[Event "C'Chartres Blitz op April"]
[Site "Europe Echecs INT"]
[Date "2021.04.10"]
[Round "6"]
[White "Pineau, Patrick"]
[Black "Javadzadeh, Kenan"]
[Result "0-1"]
[WhiteElo "1349"]
[BlackElo "1717"]
[PlyCount "44"]
[EventDate "2021.04.10"]
[EventType "swiss (blitz)"]
[EventRounds "11"]
[EventCountry "FRA"]
[SourceTitle "CBM 201 Extra"]
[Source "ChessBase"]
[SourceDate "2021.05.31"]
[SourceVersion "1"]
[SourceVersionDate "2021.05.31"]
[SourceQuality "1"]

1. e4 c5 2. Nf3 Nc6 3. d4 cxd4 4. Nxd4 g6 5. Nc3 Bg7 6. Be3 Nf6 7. f3 0-0 8. Bc4 Qb6 9. b3 Nxe4 10. fxe4 Nxd4 11. Bxd4 Bxd4 12. Nd5 Qc5 13. c3 Bg7 14. b4 Qxc4 15. Nxe7+ Kh8 16. Nxc8 Bxc3+ 17. Kf2 Raxc8 18. Rc1 Bd4+ 19. Kg3 Be5+ 20. Kh3 Qe6+ 21. g4 h5 22. Qd2 Qxg4# 0-1

[Event "Cappelle Online Blitz op"]
[Site "Europe Echecs INT"]
[Date "2021.03.07"]
[Round "10"]
[White "Joly, Charlotte"]
[Black "Pineau, Patrick"]
[Result "1-0"]
[WhiteElo "1454"]
[BlackElo "1349"]
[PlyCount "133"]
[EventDate "2021.03.07"]
[EventType "swiss (blitz)"]
[EventRounds "11"]
[EventCountry "FRA"]
[SourceTitle "CBM 201 Extra"]
[Source "ChessBase"]
[SourceDate "2021.05.31"]
[SourceVersion "1"]
[SourceVersionDate "2021.05.31"]
[SourceQuality "1"]

1. d4 Nf6 2. Bf4 c5 3. c3 e6 4. e3 d6 5. Nf3 cxd4 6. exd4 g6 7. Bd3 Bg7 8. 0-0 0-0 9. Re1 d5 10. Qc2 Ng4 11. h3 Nf6 12. Nbd2 Na6 13. Bg5 h6 14. Bh4 g5 15. Bg3 Ne4 16. Nxe4 dxe4 17. Bxe4 f5 18. Bd3 Nc7 19. Qe2 Nd5 20. Ne5 f4 21. Bh2 Qf6 22. Qe4 Qf5 23. Qxf5 exf5 24. Bc4 Be6 25. Ng6 Rfe8 26. Ne5 Bxe5 27. Rxe5 Rad8 28. Rae1 Bf7 29. Rxe8+ Rxe8 30. Rxe8+ Bxe8 31. Bxd5+ Kg7 32. Bxb7 Bb5 33. g3 fxg3 34. Bxg3 f4 35. Bh2 Kf6 36. h4 gxh4 37. Bxf4 h5 38. Kh2 Kf5 39. Bc7 Kg4 40. f3+ Kg5 41. Kh3 Bf1+ 42. Kh2 h3 43. Bc8 Bd3 44. Bxh3 Bb1 45. a3 Ba2 46. Bd7 Bb3 47. Kg3 h4+ 48. Kh3 Bc4 49. f4+ Kg6 50. Kxh4 a6 51. f5+ Kf6 52. Be5+ Ke7 53. Bc8 a5 54. Kg5 a4 55. f6+ Kf7 56. Bb7 Be6 57. d5 Bd7 58. d6 Bb5 59. Bd5+ Ke8 60. c4 Bd7 61. c5 Bb5 62. c6 Bd3 63. c7 Kd7 64. Be6+ Kxe6 65. c8Q+ Kxe5 66. d7 Bf5 67. f7 1-0

[Event "Cappelle Online Blitz op"]
[Site "Europe Echecs INT"]
[Date "2021.03.07"]
[Round "1"]
[White "Mar, Karmen"]
[Black "Pineau, Patrick"]
[Result "1-0"]
[WhiteElo "2093"]
[BlackElo "1349"]
[PlyCount "97"]
[EventDate "2021.03.07"]
[EventType "swiss (blitz)"]
[EventRounds "11"]
[EventCountry "FRA"]
[SourceTitle "CBM 201 Extra"]
[Source "ChessBase"]
[SourceDate "2021.05.31"]
[SourceVersion "1"]
[SourceVersionDate "2021.05.31"]
[SourceQuality "1"]

1. e4 c5 2. Nf3 e6 3. g3 a6 4. Bg2 b5 5. 0-0 Nc6 6. c3 d6 7. d4 cxd4 8. cxd4 Bb7 9. Re1 Nf6 10. d5 Ne5 11. dxe6 fxe6 12. Nxe5 dxe5 13. Qb3 Qe7 14. Nc3 g6 15. Bh3 Bc8 16. a4 b4 17. Nd1 Bg7 18. Bg5 0-0 19. Ne3 h6 20. Bxf6 Bxf6 21. Rac1 Bb7 22. Bxe6+ Kg7 23. Bd5 Bxd5 24. Nxd5 Qd6 25. Qxb4 Qxb4 26. Nxb4 a5 27. Nd5 Bg5 28. Rc7+ Rf7 29. Rd1 Rxc7 30. Nxc7 Ra7 31. Nb5 Rf7 32. h4 Be7 33. Rd5 Bf6 34. Kg2 g5 35. h5 g4 36. Nd6 Re7 37. Nf5+ Kf7 38. Nxe7 Kxe7 39. Rxa5 Bg5 40. b4 Bd2 41. Ra7+ Kd6 42. b5 Bc3 43. a5 Kc5 44. b6 Kc6 45. Rc7+ Kb5 46. Rxc3 Kxa5 47. Rb3 Ka6 48. b7 Ka7 49. b8Q+ 1-0

[Event "Cappelle Online Blitz op"]
[Site "Europe Echecs INT"]
[Date "2021.03.07"]
[Round "6"]
[White "Meuriot, Philippe"]
[Black "Pineau, Patrick"]
[Result "1-0"]
[WhiteElo "1748"]
[BlackElo "1349"]
[PlyCount "99"]
[EventDate "2021.03.07"]
[EventType "swiss (blitz)"]
[EventRounds "11"]
[EventCountry "FRA"]
[SourceTitle "CBM 201 Extra"]
[Source "ChessBase"]
[SourceDate "2021.05.31"]
[SourceVersion "1"]
[SourceVersionDate "2021.05.31"]
[SourceQuality "1"]

1. d4 Nf6 2. c4 c5 3. d5 d6 4. Nc3 e6 5. e4 Na6 6. Nf3 Nc7 7. Be2 g6 8. 0-0 Bg7 9. Be3 e5 10. Qc2 h5 11. a3 0-0 12. b4 b6 13. Rab1 Bg4 14. h3 Bxf3 15. Bxf3 Nh7 16. Be2 f5 17. exf5 Rxf5 18. Bd3 Rf6 19. Bxg6 Nf8 20. Bxh5 Qe7 21. Bg5 e4 22. Nxe4 Qe5 23. Nxf6+ Bxf6 24. Bxf6 Qxf6 25. Bf3 Ng6 26. bxc5 bxc5 27. Rb7 Rc8 28. Re1 Ne5 29. Qe4 Nxf3+ 30. Qxf3 Qxf3 31. gxf3 Kf7 32. Rxa7 Kf6 33. Rb1 Rg8+ 34. Kf1 Ne8 35. Rb8 Ke5 36. Raa8 Kd4 37. Rxe8 Rg6 38. Re4+ Kd3 39. Rb8 Rh6 40. Kg2 Kc2 41. a4 Rg6+ 42. Rg4 Rf6 43. a5 Kc3 44. a6 Rf7 45. Rb6 Ra7 46. Rxd6 Kb4 47. Rb6+ Ka5 48. Rgg6 Ka4 49. Rb7 Rxa6 50. Rxa6# 1-0

[Event "Ville d'Orsay online Blitz"]
[Site "Europe Echecs INT"]
[Date "2021.02.07"]
[Round "7"]
[White "Perolini, Cedric"]
[Black "Pineau, Patrick"]
[Result "1-0"]
[WhiteElo "1706"]
[BlackElo "1349"]
[PlyCount "103"]
[EventDate "2021.02.07"]
[EventType "swiss (blitz)"]
[EventRounds "11"]
[EventCountry "FRA"]
[SourceTitle "CBM 200 Extra"]
[Source "ChessBase"]
[SourceDate "2021.03.31"]
[SourceVersion "1"]
[SourceVersionDate "2021.03.31"]
[SourceQuality "1"]

1. e4 c5 2. d4 cxd4 3. Nf3 e6 4. Nxd4 a6 5. Nc3 d6 6. Bc4 Nf6 7. Bg5 Be7 8. Qf3 0-0 9. 0-0 Nc6 10. Rad1 Nxd4 11. Rxd4 Qb6 12. Rdd1 Qxb2 13. Bb3 Qa3 14. Rd3 Qa5 15. Bd2 Qd8 16. e5 Nd5 17. Nxd5 exd5 18. Rxd5 Be6 19. Rd3 Bxb3 20. axb3 Qc7 21. Rc3 Qd8 22. exd6 Qxd6 23. Rd3 Qc7 24. c3 Rad8 25. Rxd8 Rxd8 26. Rd1 Bd6 27. g3 f6 28. Kf1 Be5 29. c4 Qe7 30. Be3 Rxd1+ 31. Qxd1 h6 32. Qd5+ Kh7 33. Bc5 Qc7 34. Be3 Qe7 35. f4 Bc7 36. Qf5+ Kh8 37. Kf2 Qb4 38. Qc8+ Kh7 39. Qxc7 Qxb3 40. Kf3 Qd1+ 41. Ke4 Qc2+ 42. Kd4 Qd1+ 43. Kc5 Qh5+ 44. Kb6 Qxh2 45. Qxb7 Qxg3 46. Bc1 Qb3+ 47. Kxa6 Qxb7+ 48. Kxb7 Kg6 49. c5 Kf7 50. c6 Ke6 51. c7 Kf5 52. c8Q+ 1-0

[Event "Ville d'Orsay online Blitz"]
[Site "Europe Echecs INT"]
[Date "2021.02.07"]
[Round "6"]
[White "Pineau, Patrick"]
[Black "Gazay, Didier"]
[Result "1-0"]
[WhiteElo "1349"]
[BlackElo "1653"]
[PlyCount "99"]
[EventDate "2021.02.07"]
[EventType "swiss (blitz)"]
[EventRounds "11"]
[EventCountry "FRA"]
[SourceTitle "CBM 200 Extra"]
[Source "ChessBase"]
[SourceDate "2021.03.31"]
[SourceVersion "1"]
[SourceVersionDate "2021.03.31"]
[SourceQuality "1"]

1. e4 e6 2. Nf3 d5 3. exd5 exd5 4. d4 c6 5. Bd3 Bd6 6. 0-0 Ne7 7. Nbd2 0-0 8. Re1 Bg4 9. h3 Bh5 10. g4 Bg6 11. Nh4 Bxd3 12. cxd3 Qc7 13. Qf3 Nd7 14. Nf5 Nxf5 15. Qxf5 b5 16. Nf3 f6 17. Qe6+ Rf7 18. Qf5 g6 19. Qe6 Nf8 20. Qe2 Re7 21. Qd2 Rae8 22. Rxe7 Rxe7 23. b3 Ne6 24. Bb2 Nf4 25. Re1 Nxh3+ 26. Kf1 Rxe1+ 27. Qxe1 Nf4 28. Qe8+ Kg7 29. Qe3 a5 30. Bc1 g5 31. Qe1 Nxd3 32. Qd2 Nxc1 33. Qxc1 c5 34. dxc5 Qxc5 35. Qb1 b4 36. Qf5 d4 37. Qd7+ Kg8 38. Qe8+ Bf8 39. Qe6+ Kg7 40. Qd7+ Be7 41. Qe8 Qd6 42. Qb5 d3 43. Qc4 d2 44. Nxd2 Qxd2 45. Qe4 Qd1+ 46. Kg2 Qd6 47. Qf5 Qe5 48. Qd3 Qf4 49. Qd7 Qd6 50. Qe8 1-0

[Event "Ville d'Orsay online Blitz"]
[Site "Europe Echecs INT"]
[Date "2021.02.07"]
[Round "2"]
[White "Pineau, Patrick"]
[Black "Staune, Jean"]
[Result "0-1"]
[WhiteElo "1349"]
[BlackElo "1719"]
[PlyCount "62"]
[EventDate "2021.02.07"]
[EventType "swiss (blitz)"]
[EventRounds "11"]
[EventCountry "FRA"]
[SourceTitle "CBM 200 Extra"]
[Source "ChessBase"]
[SourceDate "2021.03.31"]
[SourceVersion "1"]
[SourceVersionDate "2021.03.31"]
[SourceQuality "1"]

1. e4 c5 2. Nf3 Nc6 3. Bc4 e6 4. d4 cxd4 5. Nxd4 Nf6 6. 0-0 Nxe4 7. Re1 Nf6 8. Nxc6 bxc6 9. Nd2 d5 10. Bd3 Be7 11. Nf3 0-0 12. b3 Bb7 13. Bb2 c5 14. Bxf6 Bxf6 15. Rb1 Rb8 16. c4 d4 17. Ne5 Qc7 18. Qh5 g6 19. Nxg6 fxg6 20. Bxg6 hxg6 21. Qxg6+ Qg7 22. Qxg7+ Kxg7 23. g3 Rfe8 24. f4 e5 25. fxe5 Rxe5 26. Rf1 Rbe8 27. Rf4 Re2 28. Rg4+ Kf7 29. Rf1 Rg2+ 30. Kh1 Rxg3+ 31. Rf3 Bxf3# 0-1

[Event "Cappelle Online Blitz op 1st"]
[Site "Europe Echecs INT"]
[Date "2021.01.10"]
[Round "10"]
[White "Boulanger, Corentin"]
[Black "Pineau, Patrick"]
[Result "1-0"]
[WhiteElo "1589"]
[BlackElo "1349"]
[PlyCount "87"]
[EventDate "2021.01.10"]
[EventType "swiss (blitz)"]
[EventRounds "11"]
[EventCountry "FRA"]
[SourceTitle "CBM 200 Extra"]
[Source "ChessBase"]
[SourceDate "2021.03.31"]
[SourceVersion "1"]
[SourceVersionDate "2021.03.31"]
[SourceQuality "1"]

1. d4 Nf6 2. Nf3 c5 3. e3 e6 4. b3 d6 5. Bb2 g6 6. dxc5 dxc5 7. Qxd8+ Kxd8 8. Bxf6+ Be7 9. Bxh8 Na6 10. Bxa6 bxa6 11. 0-0 Bb7 12. Rd1+ Ke8 13. Be5 f6 14. Bc7 Kf7 15. Nc3 Bxf3 16. gxf3 g5 17. Rd7 h5 18. Bd6 Re8 19. Bxe7 Rxe7 20. Rxe7+ Kxe7 21. Rd1 f5 22. Na4 Kf6 23. Nxc5 Ke5 24. Nxa6 g4 25. fxg4 fxg4 26. Rd4 Kf5 27. c4 e5 28. Rd5 Ke4 29. Rd7 h4 30. Rg7 g3 31. hxg3 hxg3 32. Rxg3 Kd3 33. c5 e4 34. c6 Ke2 35. c7 Ke1 36. Nb4 a5 37. c8Q Ke2 38. Qc2+ Ke1 39. f4 exf3 40. Qc1+ Ke2 41. Qf1+ Kxe3 42. Qxf3+ Kd2 43. Rg2+ Ke1 44. Qf1# 1-0

[Event "Europe Echecs Blitz Nov op"]
[Site "Europe Echecs INT"]
[Date "2020.11.08"]
[Round "5"]
[White "Dimey, Cyrille"]
[Black "Pineau, Patrick"]
[Result "1-0"]
[WhiteElo "1883"]
[BlackElo "1349"]
[PlyCount "103"]
[EventDate "2020.11.08"]
[EventType "swiss (blitz)"]
[EventRounds "11"]
[EventCountry "FRA"]
[SourceTitle "CBM 199 Extra"]
[Source "ChessBase"]
[SourceDate "2021.01.31"]
[SourceVersion "1"]
[SourceVersionDate "2021.01.31"]
[SourceQuality "1"]

1. d4 Nf6 2. c4 c5 3. d5 d6 4. Nc3 e6 5. Nf3 g6 6. Bg5 Bg7 7. e3 Na6 8. Be2 Nc7 9. 0-0 h6 10. Bh4 g5 11. Bg3 0-0 12. dxe6 Bxe6 13. Qxd6 Qxd6 14. Bxd6 Rfc8 15. Bxc5 b6 16. Bd4 g4 17. Ne5 h5 18. b3 h4 19. Rad1 g3 20. fxg3 hxg3 21. Bf3 gxh2+ 22. Kxh2 Rab8 23. Nc6 Rb7 24. Ne7+ Kh7 25. Bxb7 Rh8 26. Kg1 Ng4 27. Rf3 Bxd4 28. Rh3+ Nh6 29. Rxd4 Bxh3 30. gxh3 Nf5 31. Be4 Rg8+ 32. Kf2 Rg7 33. Bxf5+ Kh6 34. Rh4+ Kg5 35. Rg4+ Kf6 36. Rxg7 Kxg7 37. Bd3 Ne6 38. Ned5 Ng5 39. Nf4 Kh6 40. h4 Ne6 41. Nxe6 fxe6 42. Kg3 Kh5 43. Be2+ Kg6 44. Kf4 Kf6 45. h5 Kg7 46. Ke5 Kh6 47. Ne4 Kg7 48. Kxe6 Kh6 49. Kd6 Kg7 50. Kc7 a5 51. Kxb6 a4 52. bxa4 1-0

[Event "Europe Echecs Blitz Nov op"]
[Site "Europe Echecs INT"]
[Date "2020.11.08"]
[Round "10"]
[White "Pineau, Patrick"]
[Black "Maillard, Xavier"]
[Result "1-0"]
[WhiteElo "1349"]
[BlackElo "1063"]
[PlyCount "69"]
[EventDate "2020.11.08"]
[EventType "swiss (blitz)"]
[EventRounds "11"]
[EventCountry "FRA"]
[SourceTitle "CBM 199 Extra"]
[Source "ChessBase"]
[SourceDate "2021.01.31"]
[SourceVersion "1"]
[SourceVersionDate "2021.01.31"]
[SourceQuality "1"]

1. d4 c6 2. c4 d5 3. Nc3 Nf6 4. Nf3 Bf5 5. Bg5 e6 6. e3 Nbd7 7. Bd3 Bg6 8. Bxg6 hxg6 9. 0-0 Be7 10. h3 Qc7 11. Bf4 Bd6 12. Ne5 0-0-0 13. Nxf7 Bxf4 14. exf4 Qxf4 15. Nxd8 Ng4 16. Qxg4 Qxg4 17. hxg4 Kxd8 18. g3 Kc7 19. Kg2 Nf6 20. Rh1 Rh7 21. Rxh7 Nxh7 22. cxd5 exd5 23. Re1 Kb6 24. Re7 Nf6 25. Rxg7 Nxg4 26. Kf3 Nf6 27. g4 g5 28. Rxg5 Nd7 29. Kf4 Nf6 30. Kf5 Nd7 31. Ke6 Nf8+ 32. Kf7 Nd7 33. Re5 Nxe5+ 34. dxe5 Kc7 35. e6 1-0

[Event "FRA-ch Blitz Online Qual"]
[Site "Europe Echecs INT"]
[Date "2020.05.16"]
[Round "11"]
[White "Pineau, Patrick"]
[Black "Rigaud Retourne, Mael"]
[Result "0-1"]
[WhiteElo "1349"]
[BlackElo "1103"]
[PlyCount "78"]
[EventDate "2020.05.16"]
[EventType "swiss (blitz)"]
[EventRounds "15"]
[EventCountry "FRA"]
[SourceTitle "CBM 196 Extra"]
[Source "ChessBase"]
[SourceDate "2020.07.31"]
[SourceVersion "1"]
[SourceVersionDate "2020.07.31"]
[SourceQuality "1"]

1. e4 e5 2. Nf3 Nc6 3. d4 exd4 4. Nxd4 Bc5 5. Nxc6 Qf6 6. Be3 Bxe3 7. fxe3 Qxc6 8. Bd3 Nf6 9. 0-0 Nxe4 10. Bxe4 Qxe4 11. Qd3 Qg6 12. Qxg6 hxg6 13. Nc3 0-0 14. Rf3 b6 15. Raf1 Bb7 16. Rh3 Ba6 17. Rf4 f6 18. Rfh4 Kf7 19. Nd5 Rac8 20. b3 c6 21. Nf4 g5 22. Rh7 gxf4 23. exf4 Rfe8 24. Rg3 Re1+ 25. Kf2 Rf1+ 26. Ke3 Re8+ 27. Kd4 Rxf4+ 28. Kc3 Rg8 29. h4 b5 30. Rd3 b4+ 31. Kd2 Bxd3 32. cxd3 Rf2+ 33. Ke3 Rxa2 34. Rh5 Rxg2 35. Ra5 Re8+ 36. Kd4 Rg4+ 37. Kc5 Re5+ 38. Kd6 Rxa5 39. Kxd7 Rd4+ 0-1

[Event "FRA-ch Blitz Online Qual"]
[Site "Europe Echecs INT"]
[Date "2020.05.16"]
[Round "10"]
[White "Rapaire, Jean Michel"]
[Black "Pineau, Patrick"]
[Result "1-0"]
[WhiteElo "1742"]
[BlackElo "1349"]
[PlyCount "167"]
[EventDate "2020.05.16"]
[EventType "swiss (blitz)"]
[EventRounds "15"]
[EventCountry "FRA"]
[SourceTitle "CBM 196 Extra"]
[Source "ChessBase"]
[SourceDate "2020.07.31"]
[SourceVersion "1"]
[SourceVersionDate "2020.07.31"]
[SourceQuality "1"]

1. e4 c5 2. Nf3 e6 3. a3 a6 4. Bc4 b5 5. Ba2 c4 6. 0-0 Nc6 7. d3 Bb7 8. dxc4 bxc4 9. Bxc4 Qc7 10. Bd3 Ne5 11. Nxe5 Qxe5 12. Nd2 d6 13. Nf3 Qf6 14. Qd2 Qd8 15. Qg5 Nf6 16. Bd2 Bxe4 17. Bxe4 Nxe4 18. Qxd8+ Rxd8 19. Ba5 Rc8 20. c3 Be7 21. Rad1 0-0 22. Nd2 Nc5 23. Bb4 Nd3 24. Rb1 Nxb4 25. axb4 Bg5 26. Ne4 Be7 27. Ra1 Ra8 28. Ra4 d5 29. Nd2 Bf6 30. Rfa1 d4 31. cxd4 Bxd4 32. R1a2 Rac8 33. g3 Rc1+ 34. Kg2 Rc2 35. Ne4 f5 36. Ng5 Rxf2+ 37. Kh3 e5 38. Rxa6 Rxb2 39. Rxb2 Bxb2 40. b5 e4 41. b6 e3 42. Nf3 e2 43. b7 Be5 44. Ra8 Rb8 45. Kg2 Kf7 46. Rxb8 Bxb8 47. Kf2 Ke7 48. Kxe2 Kd7 49. Nd4 Kc7 50. Nxf5 Kxb7 51. Nxg7 Kc7 52. Nf5 Kd7 53. Kf3 Ke6 54. Nd4+ Kd5 55. Ne2 Ke5 56. h3 Kf5 57. Nf4 h6 58. h4 Kf6 59. g4 Kg7 60. Ke4 Bc7 61. Ne6+ Kf6 62. Nxc7 Kg6 63. Ne6 Kf6 64. Nf4 Kg7 65. Kf5 Kh7 66. g5 hxg5 67. hxg5 Kg7 68. Ne6+ Kf7 69. g6+ Kg8 70. Ng5 Kg7 71. Ne4 Kg8 72. Kf6 Kf8 73. Ng5 Kg8 74. Ne6 Kh8 75. g7+ Kg8 76. Nf4 Kh7 77. Kf7 Kh6 78. Nd5 Kg5 79. g8Q+ Kh4 80. Kf6 Kh3 81. Kf5 Kh2 82. Kf4 Kh1 83. Kf3 Kh2 84. Qg2# 1-0